| 000 | 01116nam a22003257a 4500 | ||
|---|---|---|---|
| 003 | CHAP | ||
| 005 | 20220329135315.0 | ||
| 008 | 971013s1984 r 00010 d | ||
| 010 | _a34153 | ||
| 011 | _a35125 | ||
| 035 | _a39241 | ||
| 040 | _cCHAP | ||
| 090 | _aTesis | ||
| 100 | 0 | 0 |
_aLozano Villarreal, Horacio Jesús. _968811 |
| 245 | _aComparación de dos niveles de pulpa de cítrico deshidratada en raciones para ganado caprino | ||
| 260 |
_aMarín, N.L. : _bEl autor, _c1984 |
||
| 300 | _a40 h. | ||
| 502 | _aTesis (Ing. Agr. Zootecnista) -- Univ. Autónoma de Nuevo León. Fac. de Agronomía | ||
| 590 |
_aALEPH _b10 _c20130110 _lUCH01 _h1259 |
||
| 590 |
_aBATCH-UPD _b10 _c20130110 _lUCH01 _h1738 |
||
| 590 |
_aBATCH-UPD _b10 _c20130410 _lUCH01 _h1118 |
||
| 590 |
_aBATCH-UPD _b10 _c20130914 _lUCH01 _h0958 |
||
| 590 |
_aCONVERSION _b10 _c20130109 _lUCH01 _h1319 |
||
| 650 | 1 | 4 |
_aCítricos _xSubproductos. _924465 |
| 650 | 1 | 4 |
_aGanado cabrío _xAlimentación. _944990 |
| 650 | 1 | 4 |
_aPulpa de cítricos como forraje. _993000 |
| 901 | _aBK | ||
| 942 | _cTESIS | ||
| 949 |
_bBC _cTES _d-89539 _eTS1 _h19145 _i39241 _si |
||
| 999 |
_c34153 _d34153 |
||